El Jardín de los frailes (Record no. 2851)
[ view plain ]
| 000 -LEADER | |
|---|---|
| campo de control de longitud fija | 00765nas a2200241 i 4500 |
| 001 - NÚMERO DE CONTROL | |
| campo de control | 2851 |
| 003 - IDENTIFICADOR DE NÚMERO DE CONTROL | |
| campo de control | ES-MaACL |
| 005 - FECHA Y HORA DE LA ÚLTIMA TRANSACCIÓN | |
| campo de control | 20250810225312.0 |
| 007 - CAMPO FIJO DE DESCRIPCIÓN FÍSICA--INFORMACIÓN GENERAL | |
| campo de control de longitud fija | t| |
| 008 - DATOS DE LONGITUD FIJA--INFORMACIÓN GENERAL | |
| campo de control de longitud fija | 010618d1950 sp | 0 0 |spa d |
| 080 ## - NÚMERO DE LA CLASIFICACIÓN DECIMAL UNIVERSAL | |
| Número de la Clasificación Decimal Universal | (460) |
| 080 ## - NÚMERO DE LA CLASIFICACIÓN DECIMAL UNIVERSAL | |
| Número de la Clasificación Decimal Universal | 82 |
| 245 03 - MENCIÓN DEL TÍTULO | |
| Título | El Jardín de los frailes |
| Resto del título | : cuadernos de poesía de "Escorial". |
| 260 ## - PUBLICACIÓN, DISTRIBUCIÓN, ETC. | |
| Lugar de publicación, distribución, etc. | Madrid : |
| Nombre del editor, distribuidor, etc. | Escorial, |
| Fecha de publicación, distribución, etc. | 1950. |
| 300 ## - DESCRIPCIÓN FÍSICA | |
| Extensión | 1 v. ; |
| Dimensiones | 24 cm. |
| 362 0# - FECHAS DE PUBLICACIÓN Y/O DESIGNACIÓN SECUENCIAL | |
| Fecha de publicación y/o designación secuencial | N. 1 (en.-feb. 1950) |
| 525 ## - NOTA DE SUPLEMENTO | |
| Nota de suplemento | Sólo se publicó el n. 1, como suplemento al n. 65 de la revista Escorial (en.-feb. 1950) |
| 650 17 - PUNTO DE ACCESO ADICIONAL DE MATERIA--TÉRMINO DE MATERIA | |
| Término de materia o nombre geográfico como elemento de entrada | Poesía |
| Fuente del encabezamiento o término | embne |
| 9 (RLIN) | 16149 |
| 772 0# - ENLACE A LA PUBLICACIÓN PRINCIPAL | |
| Encabezamiento principal | Escorial (Madrid), |
| Número Internacional Normalizado para Publicaciones Seriadas | ISSN 1698-2606 |
| 852 ## - LOCALIZACIÓN | |
| Ubicación | ES-MaACL |
| Número de control de estantería | K-41(t. 21) |
| Nota libre | Encuadernado con t. 21 de la revista Escorial |
| 866 #0 - MENCIÓN TEXTUAL DE FONDOS--UNIDAD BIBLIOGRÁFICA BÁSICA | |
| Fondos | 1950 |
| Estatus retirado | Estado de pérdida | Estado de daño | No para préstamo | Colección | Biblioteca de origen | Biblioteca actual | Ubicación en estantería | Fecha de adquisición | Fuente de adquisición | Total de préstamos | Signatura topográfica completa | Código de barras | Visto por última vez | Precio de reemplazo | Tipo de ítem Koha |
|---|---|---|---|---|---|---|---|---|---|---|---|---|---|---|---|
| Periódicos y Revistas | Biblioteca del Ateneo de Madrid | Biblioteca del Ateneo de Madrid | Administración | 17/01/2008 | K-41(tomo 21) | 1002909 | 23/02/2023 | 23/02/2023 | Revista |
